Využitie bioplynovej technológie vo veľkovýrobe bakalárska práca

Enregistré dans:
Détails bibliographiques
Auteur principal: Mihalovič, Matúš
Collectivité auteur: Podnikovohospodárska fakulta EU so sídlom v Košiciach. Katedra marketingu a obchodu
Autres auteurs: Polák, Matej
Format: Livre
Langue:slovaque
Publié: Košice 2010
Tags: Ajouter un tag
Pas de tags, Soyez le premier à ajouter un tag!

MARC

LEADER 00000nbm a2200000 4500
001 0132766
005 20161109111442.3
041 0 |a slo 
044 |a SK 
245 1 0 |a Využitie bioplynovej technológie vo veľkovýrobe  |b bakalárska práca  |c Matúš Mihalovič ; školiteľ: Matej Polák 
264 1 |a Košice  |c 2010 
300 |a 49 s. 
100 1 |a Mihalovič, Matúš 
700 1 |a Polák, Matej 
710 2 |a Podnikovohospodárska fakulta EU so sídlom v Košiciach. Katedra marketingu a obchodu